000 01018nam a22002417a 4500
999 _c12905
_d12905
003 AR-CdUCM
008 190410b ||||| |||| 00| 0 spa d
020 _a9972-691-54-3
040 _aMUNICIPALIDAD PROVINCIAL DEL CUSCO
_cBIBLIOTECA MUNICIPAL DEL CUSCO
082 _a320.985 /
_bAU931
100 _aAuroi, Claude
_95306
245 _a¿A dónde va el Perú? :
_bbalance del fujimorismo y preguntas para el futuro /
260 _aCusco :
_bInstitut Universitaire d'Études du Développement,
_c2002.
300 _a160 páginas ;
_c20 cm.
440 _aTemas de actualidad
_n6
_931031
505 _aContenido: Introducción: reflexiones sobre el fujimorismo -- Perú 2001: ¿hacia la restauración de la político? -- Fujimorismo, organizaciones sociales y clientelismo...
650 _aFujimori Fujimori, Alberto
_912748
650 _aPolítica económica
_91407
650 _aPolítica y gobierno
_92693
700 _aBossio, Sandra (compiladores)
_931032
942 _2ddc
_cFOLLETOS
945 _adavv
_d10/04/2019